A summons to life : mediating structures and the prevention of youth crime /

Bibliographic Details
Main Author: Woodson, Robert L.
Format: Book
Language:English
Published: Cambridge, Mass. : Ballinger Pub. Co., [1981]
Subjects:

MARC

Tag First Indicator Second Indicator Subfields
LEADER 00000pam a2200000 a 4500
001 in00000080108
005 20151008055322.0
008 810219s1981 mau b 00110 eng
010 |a  81001179  
020 |a 0884108260 
035 |a (OCoLC)07283498 
035 |9 AAJ3146AM 
039 0 |a 2  |b 3  |c 3  |d 3  |e 3 
040 |a DLC  |c DLC  |d TXA  |d UtOrBLW 
043 |a n-us--- 
049 |a TXAM  |c [1196104] 
050 0 0 |a HV9104  |b .W677 
082 0 |a 364.3/6/0973  |2 19 
100 1 |a Woodson, Robert L. 
245 1 2 |a A summons to life :  |b mediating structures and the prevention of youth crime /  |c Robert L. Woodson. 
264 1 |a Cambridge, Mass. :  |b Ballinger Pub. Co.,  |c [1981] 
264 4 |c ©1981 
300 |a xviii, 144 pages ;  |c 24 cm. 
336 |a text  |b txt  |2 rdacontent 
337 |a unmediated  |b n  |2 rdamedia 
338 |a volume  |b nc  |2 rdacarrier 
500 |a "An American Enterprise Institute book." 
504 |a Includes bibliographical references and index. 
650 0 |a Juvenile delinquency  |z United States  |x Prevention. 
650 0 |a Juvenile justice, Administration of  |z United States. 
650 0 |a Youth  |x Government policy  |z United States. 
650 0 |a Family policy  |z United States. 
999 |a MARS 
999 f f |s ff3876aa-5062-3469-9414-a0b96bfabf17  |i af14c711-cee8-3d7d-bafe-ca3b3a6b3995  |t 0 
952 f f |p ric  |a Texas A&M University  |b Rellis Campus  |c Joint Library Facility  |d Remote Storage  |t 0  |e HV9104 .W677  |h Library of Congress classification  |i unmediated -- volume  |m A14806147255 
998 f f |a HV9104 .W677  |t 0  |l Remote Storage